[Event "CZE-chT2D 2223"]
[Site "Czech Republic"]
[Date "2023.03.05"]
[Round "10.2"]
[White "Fiedorek, Michal"]
[Black "Szucs, Matyas"]
[Result "1-0"]
[WhiteElo "2301"]
[BlackElo "2106"]
[PlyCount "49"]
[EventDate "2022.10.16"]
[EventType "team-tourn"]
[EventRounds "11"]
[EventCountry "CZE"]
[SourceTitle "EXT 2024"]
[Source "ChessBase"]
[SourceDate "2023.10.10"]
[SourceVersion "1"]
[SourceVersionDate "2023.10.10"]
[SourceQuality "1"]
[WhiteTeam "Rychnov nad Kneznou Panda"]
[BlackTeam "Lipa"]
[WhiteTeamCountry "CZE"]
[BlackTeamCountry "CZE"]

1. e4 e6 2. d4 d5 3. Nd2 Nc6 4. Ngf3 Nf6 5. e5 Nd7 6. Bd3 f6 7. Ng5 Ndxe5 8. dxe5 fxg5 9. Qh5+ Kd7 10. Nf3 h6 11. Bd2 Nb4 12. Bg6 Be7 13. Nd4 c5 14. Nxe6 Kxe6 15. Bxb4 cxb4 16. 0-0-0 Kxe5 17. Bf7 Be6 18. Qe2+ Kd6 19. Qxe6+ Kc7 20. Rxd5 Bd6 21. Rhd1 Bf4+ 22. Kb1 Qf6 23. Qd7+ Kb8 24. Rb5 b6 25. Rf5 1-0

[Event "Pardubice Czech op-E 33rd"]
[Site "Pardubice"]
[Date "2022.07.16"]
[Round "4.2"]
[White "Szucs, Matyas"]
[Black "Lojek, Marek"]
[Result "1/2-1/2"]
[WhiteElo "2133"]
[BlackElo "2142"]
[PlyCount "106"]
[EventDate "2022.07.14"]
[EventType "team-swiss"]
[EventRounds "7"]
[EventCountry "CZE"]
[SourceTitle "CBM 209 Extra"]
[Source "ChessBase"]
[SourceDate "2022.09.30"]
[SourceVersion "1"]
[SourceVersionDate "2022.09.30"]
[SourceQuality "1"]
[WhiteTeam "Lipa"]
[BlackTeam "Orlova Slavia II"]
[WhiteTeamCountry "CZE"]
[BlackTeamCountry "CZE"]

1. e4 e5 2. Nf3 Nc6 3. Bc4 Bc5 4. c3 Nf6 5. d3 0-0 6. 0-0 a6 7. a4 d5 8. exd5 Nxd5 9. a5 Bf5 10. Re1 b5 11. axb6 Nxb6 12. Bg5 Be7 13. Bxe7 Qxe7 14. Nbd2 Nxc4 15. Nxc4 Bg4 16. h3 Bxf3 17. Qxf3 Qe6 18. Na5 Nxa5 19. Rxa5 Qb3 20. Re2 Rad8 21. Raxe5 Qd1+ 22. Kh2 Rxd3 23. Qf4 Rdd8 24. Re7 Rd7 25. Rxd7 Qxd7 26. Rd2 Qc6 27. Rd4 h6 28. Rc4 Qb6 29. b4 c6 30. Qf3 Rc8 31. Rc5 Rc7 32. g3 Rc8 33. Kg2 Rc7 34. h4 Rc8 35. Qe4 Qb7 36. g4 Qd7 37. Qf5 Qb7 38. f4 Re8 39. Kf3 a5 40. bxa5 Qb2 41. Qd3 Qh2 42. Re5 Rxe5 43. fxe5 Qh3+ 44. Ke2 Qxg4+ 45. Kd2 Qf4+ 46. Qe3 Qc4 47. Qb6 Qd5+ 48. Kc2 Qa2+ 49. Kc1 Qa1+ 50. Kd2 Qa2+ 51. Ke3 Qd5 52. Qc7 Qc5+ 53. Kd2 Qf2+ 1/2-1/2

[Event "CZE-chT2D 1920"]
[Site "Czech Republic"]
[Date "2019.12.01"]
[Round "4.8"]
[White "Ptacek, Lubos"]
[Black "Szucs, Matyas"]
[Result "0-1"]
[WhiteElo "2093"]
[BlackElo "2089"]
[PlyCount "100"]
[EventDate "2019.10.13"]
[EventType "team-tourn"]
[EventRounds "11"]
[EventCountry "CZE"]
[SourceTitle "EXT 2024"]
[Source "ChessBase"]
[SourceDate "2023.10.10"]
[SourceVersion "1"]
[SourceVersionDate "2023.10.10"]
[SourceQuality "1"]
[WhiteTeam "Vysoke Myto"]
[BlackTeam "Lipa"]
[WhiteTeamCountry "CZE"]
[BlackTeamCountry "CZE"]

1. e4 e6 2. d4 d5 3. exd5 exd5 4. Nf3 Bd6 5. Be2 Ne7 6. 0-0 Nbc6 7. Nc3 a6 8. Re1 f6 9. Be3 Be6 10. Qd2 Qd7 11. Bf4 g5 12. Bxd6 Qxd6 13. Na4 b6 14. b3 Kf7 15. c4 g4 16. Nh4 Ng6 17. cxd5 Bxd5 18. Nf5 Qf4 19. Qxf4 Nxf4 20. Ne3 Be6 21. Rac1 Nxd4 22. Rxc7+ Kf8 23. Bd1 Rb8 24. Nc2 Nb5 25. Rc6 Kf7 26. Nxb6 Rhd8 27. Nb4 Nd4 28. Rc7+ Ke8 29. Nc6 Rxb6 30. Nxd8 Kxd8 31. Rc3 Rd6 32. Kf1 Bd7 33. f3 Bb5+ 34. Kf2 Nd3+ 35. Rxd3 Bxd3 36. fxg4 Bb1 37. a3 Kd7 38. b4 Bc2 39. Bf3 Nb5 40. Ra1 Rd3 41. a4 Ra3 42. Rc1 Bxa4 43. h4 h6 44. Rc5 Rb3 45. Rh5 Rxb4 46. Rxh6 Nd6 47. h5 Ke7 48. Rh7+ Nf7 49. Rg7 Kf8 50. Rg6 Rb6 0-1

[Event "CZE-chT2D 1718"]
[Site "Czech Republic"]
[Date "2018.01.28"]
[Round "7.7"]
[White "Szucs, Matyas"]
[Black "Vicenec, Roman"]
[Result "1-0"]
[WhiteElo "2002"]
[BlackElo "2034"]
[PlyCount "63"]
[EventDate "2017.10.15"]
[EventType "team-tourn"]
[EventRounds "11"]
[EventCountry "CZE"]
[SourceTitle "EXT 2022"]
[Source "ChessBase"]
[SourceDate "2021.10.06"]
[SourceVersion "1"]
[SourceVersionDate "2021.10.06"]
[SourceQuality "1"]
[WhiteTeam "Lipa"]
[BlackTeam "Velke Losiny"]
[WhiteTeamCountry "CZE"]
[BlackTeamCountry "CZE"]

1. e4 c5 2. Ne2 d6 3. g3 Nf6 4. Bg2 e6 5. c3 Be7 6. d4 0-0 7. 0-0 Qc7 8. h3 Nc6 9. Be3 b6 10. f4 Bb7 11. g4 Na5 12. Nd2 Rac8 13. g5 Nd7 14. d5 exd5 15. exd5 Ba6 16. f5 Rce8 17. Ne4 Nc4 18. Bc1 Nce5 19. f6 Bd8 20. fxg7 Kxg7 21. Rf5 Bxe2 22. Qxe2 Ng6 23. Qh5 Re5 24. Nf6 Bxf6 25. gxf6+ Kh8 26. Rxe5 Ndxe5 27. Bh6 Re8 28. Bg7+ Kg8 29. Rf1 Rb8 30. Qh6 Qc8 31. Rf5 Qxf5 32. Bh8 1-0

[Event "CZE-chT2D 1718"]
[Site "Czech Republic"]
[Date "2017.12.17"]
[Round "5.7"]
[White "Jaeger, Ludek"]
[Black "Szucs, Matyas"]
[Result "0-1"]
[WhiteElo "1998"]
[BlackElo "2002"]
[PlyCount "102"]
[EventDate "2017.10.15"]
[EventType "team-tourn"]
[EventRounds "11"]
[EventCountry "CZE"]
[SourceTitle "EXT 2022"]
[Source "ChessBase"]
[SourceDate "2021.10.06"]
[SourceVersion "1"]
[SourceVersionDate "2021.10.06"]
[SourceQuality "1"]
[WhiteTeam "Hradec Kralove II"]
[BlackTeam "Lipa"]
[WhiteTeamCountry "CZE"]
[BlackTeamCountry "CZE"]

1. c4 e6 2. Nf3 d5 3. g3 Nf6 4. Bg2 c6 5. b3 Nbd7 6. Bb2 Bd6 7. 0-0 e5 8. d3 0-0 9. e3 Re8 10. Nc3 Nf8 11. Qc2 a6 12. a3 Ng6 13. b4 Bf5 14. Nd2 Rc8 15. Rad1 Qe7 16. Rfe1 Qe6 17. cxd5 cxd5 18. Qb3 Bxd3 19. Nxd5 Bc2 20. Nxf6+ Qxf6 21. Ne4 Qe7 22. Qd5 Bxd1 23. Nxd6 Rcd8 24. Rxd1 Qe6 25. a4 b5 26. axb5 axb5 27. f4 exf4 28. exf4 Qe3+ 29. Kh1 Re6 30. Be5 Nxe5 31. fxe5 Qxe5 32. Qxe5 Rxe5 33. Rc1 g6 34. Ne4 Rd4 35. Nf2 Re2 36. Kg1 Rxb4 37. Bf3 Rd2 38. Ne4 Rd3 39. Kg2 Rb2+ 40. Nf2 Rdd2 41. Rf1 b4 42. Be4 f5 43. Bb7 Kf7 44. Kf3 Rb3+ 45. Kg2 Kf6 46. h4 Ke5 47. Re1+ Kd4 48. Rc1 Rbb2 49. Rf1 Ke3 50. Re1+ Re2 51. Kf1 Rxe1+ 0-1

[Event "CZE-chT2D 1516"]
[Site "Czech Republic"]
[Date "2016.04.17"]
[Round "11.3"]
[White "Szucs, Matyas"]
[Black "Kosek, Marek"]
[Result "1-0"]
[WhiteElo "2130"]
[BlackElo "2130"]
[PlyCount "43"]
[EventDate "2015.10.18"]
[EventType "team-tourn"]
[EventRounds "11"]
[EventCountry "CZE"]
[SourceTitle "EXT 2022"]
[Source "ChessBase"]
[SourceDate "2021.10.06"]
[SourceVersion "1"]
[SourceVersionDate "2021.10.06"]
[SourceQuality "1"]
[WhiteTeam "Polabiny III"]
[BlackTeam "Vysoke Myto"]
[WhiteTeamCountry "CZE"]
[BlackTeamCountry "CZE"]

1. d4 d5 2. Nf3 Nf6 3. e3 g6 4. Bd3 Bg7 5. Nbd2 0-0 6. 0-0 Nbd7 7. Re1 c5 8. c3 Re8 9. e4 cxd4 10. cxd4 dxe4 11. Nxe4 Nxe4 12. Bxe4 Nf6 13. Bc2 b6 14. Ba4 Bd7 15. Bb3 e6 16. Ne5 h6 17. Qf3 Rc8 18. Qh3 h5 19. Bg5 Qc7 20. Qf3 Bc6 21. Nxc6 Qxc6 22. Qxc6 1-0

[Event "CZE-chT2D 1516"]
[Site "Czech Republic"]
[Date "2016.01.24"]
[Round "6.3"]
[White "Szucs, Matyas"]
[Black "Krejci, Jan"]
[Result "1-0"]
[WhiteElo "2130"]
[BlackElo "2134"]
[PlyCount "81"]
[EventDate "2015.10.18"]
[EventType "team-tourn"]
[EventRounds "11"]
[EventCountry "CZE"]
[SourceTitle "EXT 2022"]
[Source "ChessBase"]
[SourceDate "2021.10.06"]
[SourceVersion "1"]
[SourceVersionDate "2021.10.06"]
[SourceQuality "1"]
[WhiteTeam "Polabiny III"]
[BlackTeam "Litovel Tatran II"]
[WhiteTeamCountry "CZE"]
[BlackTeamCountry "CZE"]

1. d4 d5 2. Nf3 Nf6 3. e3 Bf5 4. Bd3 Bxd3 5. Qxd3 c6 6. Nc3 e6 7. e4 dxe4 8. Nxe4 Nbd7 9. Bd2 Nxe4 10. Qxe4 Nf6 11. Qe2 Be7 12. c4 0-0 13. 0-0 Re8 14. Bc3 Nd7 15. Ne5 Bf6 16. Rad1 Qc7 17. Rd3 Rad8 18. Rh3 Nf8 19. b4 b6 20. f4 c5 21. dxc5 bxc5 22. b5 Bxe5 23. Bxe5 Qe7 24. Rd1 Ng6 25. Rhd3 Nxe5 26. Qxe5 Rxd3 27. Rxd3 h6 28. h3 Rc8 29. Rd6 Qh4 30. Rxe6 fxe6 31. Qxe6+ Kh7 32. Qf5+ g6 33. Qxc8 Qxf4 34. Qb7+ Kh8 35. Qa8+ Kg7 36. Qxa7+ Kg8 37. Qxc5 Qc1+ 38. Kh2 Qf4+ 39. Kh1 Qf1+ 40. Qg1 Qxc4 41. Qb1 1-0

[Event "CZE-chT U18 Extraliga Ost 1516"]
[Site "Czech Republic"]
[Date "2016.01.23"]
[Round "6.1"]
[White "Szucs, Matyas"]
[Black "Straka, Vojtech1111"]
[Result "1/2-1/2"]
[WhiteElo "2060"]
[BlackElo "1770"]
[PlyCount "53"]
[EventDate "2015.10.03"]
[EventType "team-tourn"]
[EventRounds "11"]
[EventCountry "CZE"]
[SourceTitle "EXT 2022"]
[Source "ChessBase"]
[SourceDate "2021.10.06"]
[SourceVersion "1"]
[SourceVersionDate "2021.10.06"]
[SourceQuality "1"]
[WhiteTeam "Polabiny U18"]
[BlackTeam "Brno Lokomotiva U18"]
[WhiteTeamCountry "CZE"]
[BlackTeamCountry "CZE"]

1. d4 d5 2. Nf3 Nf6 3. e3 e6 4. Bd3 Bd6 5. Nbd2 c6 6. 0-0 Nbd7 7. c3 0-0 8. e4 e5 9. dxe5 Nxe5 10. Nxe5 Bxe5 11. f4 Bc7 12. e5 Ng4 13. Qe1 Ne3 14. Rf3 Nf5 15. g4 Qh4 16. Qxh4 Nxh4 17. Rg3 f6 18. exf6 Rxf6 19. f5 Bxg3 20. hxg3 Nxf5 21. gxf5 Bxf5 22. Bxf5 Rxf5 23. Nb3 Re8 24. Bf4 b6 25. Nd4 Rf6 26. Rd1 h6 27. Nb3 1/2-1/2

[Event "CZE-chT2D 1516"]
[Site "Czech Republic"]
[Date "2015.12.06"]
[Round "4.2"]
[White "Hostinsky, Jiri"]
[Black "Szucs, Matyas"]
[Result "1/2-1/2"]
[WhiteElo "2148"]
[BlackElo "2130"]
[PlyCount "34"]
[EventDate "2015.10.18"]
[EventType "team-tourn"]
[EventRounds "11"]
[EventCountry "CZE"]
[SourceTitle "EXT 2022"]
[Source "ChessBase"]
[SourceDate "2021.10.06"]
[SourceVersion "1"]
[SourceVersionDate "2021.10.06"]
[SourceQuality "1"]
[WhiteTeam "Polabiny II"]
[BlackTeam "Polabiny III"]
[WhiteTeamCountry "CZE"]
[BlackTeamCountry "CZE"]

1. e4 c5 2. Nf3 e6 3. d4 cxd4 4. Nxd4 a6 5. Nc3 b5 6. Bd3 Bb7 7. 0-0 Qc7 8. Qe2 d6 9. f4 Nd7 10. Kh1 Ngf6 11. Bd2 Be7 12. Nf3 Nc5 13. b4 Nxd3 14. cxd3 0-0 15. Rac1 Qd7 16. a3 Rac8 17. Be3 Rfe8 1/2-1/2

[Event "CZE-ch U18/20 sf"]
[Site "Doksy"]
[Date "2015.11.14"]
[Round "1"]
[White "Petr, Jan1111"]
[Black "Szucs, Matyas"]
[Result "1-0"]
[WhiteElo "2312"]
[BlackElo "2064"]
[PlyCount "39"]
[EventDate "2015.11.14"]
[EventType "swiss"]
[EventRounds "9"]
[EventCountry "CZE"]
[SourceTitle "EXT 2022"]
[Source "ChessBase"]
[SourceDate "2021.10.06"]
[SourceVersion "1"]
[SourceVersionDate "2021.10.06"]
[SourceQuality "1"]

1. d4 d5 2. Bg5 Nf6 3. e3 e6 4. Bd3 c5 5. c3 Nbd7 6. f4 Qc7 7. Nd2 b6 8. Ngf3 Bb7 9. Ne5 Be7 10. 0-0 0-0 11. Qf3 Rfe8 12. Bxf6 Nxf6 13. g4 Nd7 14. Qh3 g6 15. Nxf7 Nf8 16. Ne5 Bf6 17. Ndf3 Qg7 18. g5 Be7 19. Qg4 Qxe5 20. Nxe5 1-0

[Event "CZE-chT2D 1516"]
[Site "Czech Republic"]
[Date "2015.11.08"]
[Round "2.3"]
[White "Szucs, Matyas"]
[Black "Malivanek, Jiri"]
[Result "1/2-1/2"]
[WhiteElo "2130"]
[BlackElo "2104"]
[PlyCount "65"]
[EventDate "2015.10.18"]
[EventType "team-tourn"]
[EventRounds "11"]
[EventCountry "CZE"]
[SourceTitle "EXT 2022"]
[Source "ChessBase"]
[SourceDate "2021.10.06"]
[SourceVersion "1"]
[SourceVersionDate "2021.10.06"]
[SourceQuality "1"]
[WhiteTeam "Polabiny III"]
[BlackTeam "Chrudim"]
[WhiteTeamCountry "CZE"]
[BlackTeamCountry "CZE"]

1. d4 e6 2. Nf3 Nf6 3. Nbd2 c5 4. e3 d5 5. c3 Nc6 6. Bd3 Bd7 7. 0-0 Be7 8. dxc5 Bxc5 9. e4 0-0 10. Qe2 Bb6 11. h3 Bc7 12. e5 Ne8 13. Nb3 f6 14. exf6 Nxf6 15. Nbd4 Qe7 16. Nxc6 bxc6 17. Ne5 Be8 18. Bg5 Qd6 19. f4 Nd7 20. Rae1 Nxe5 21. fxe5 Rxf1+ 22. Qxf1 Qd7 23. Qf4 Bg6 24. Bxg6 hxg6 25. Rf1 Bb6+ 26. Kh1 Bc5 27. Qg3 Rf8 28. Rxf8+ Bxf8 29. Be3 Qf7 30. Qf2 Qxf2 31. Bxf2 c5 32. Kh2 Kf7 33. Kg3 1/2-1/2

[Event "CZE-chT U18 Extraliga Ost 1516"]
[Site "Czech Republic"]
[Date "2015.10.03"]
[Round "1.1"]
[White "Szucs, Matyas"]
[Black "Sikora, Matous"]
[Result "1/2-1/2"]
[WhiteElo "2060"]
[BlackElo "1878"]
[PlyCount "93"]
[EventDate "2015.10.03"]
[EventType "team-tourn"]
[EventRounds "11"]
[EventCountry "CZE"]
[SourceTitle "EXT 2022"]
[Source "ChessBase"]
[SourceDate "2021.10.06"]
[SourceVersion "1"]
[SourceVersionDate "2021.10.06"]
[SourceQuality "1"]
[WhiteTeam "Polabiny U18"]
[BlackTeam "Orlova Slavia U18 II"]
[WhiteTeamCountry "CZE"]
[BlackTeamCountry "CZE"]

1. d4 f5 2. Nf3 Nf6 3. c4 g6 4. Nc3 Bg7 5. Bf4 d6 6. h3 0-0 7. e3 Qe8 8. d5 a5 9. Be2 Na6 10. 0-0 Bd7 11. Rc1 Nc5 12. Nd4 c6 13. Bh2 Nfe4 14. Nxe4 Nxe4 15. dxc6 bxc6 16. Qc2 e5 17. Nf3 Qb8 18. Rfd1 Qc7 19. Nd2 Nc5 20. Nb1 Be6 21. Nc3 Rab8 22. Rd2 Rfd8 23. Rcd1 Rb4 24. a3 Rb7 25. Na4 Nxa4 26. Qxa4 d5 27. cxd5 Bxd5 28. Bc4 Rbb8 29. Bxd5+ cxd5 30. Rxd5 Rxd5 31. Rxd5 Qc1+ 32. Rd1 Qxb2 33. Qxa5 Qb3 34. Rf1 Qb2 35. Bg3 h6 36. Qa6 Rb6 37. Qc4+ Kh7 38. Qc5 Rb5 39. Qa7 Rb7 40. Qa4 Rb3 41. Qe8 Rb8 42. Qe7 Rb7 43. Qc5 Rb5 44. Qc1 Qb3 45. Re1 Ra5 46. Qc7 Qxa3 47. Rd1 1/2-1/2

[Event "CZE-ch U20 sf"]
[Site "Frydek Mistek"]
[Date "2014.11.21"]
[Round "8"]
[White "Szucs, Matyas"]
[Black "Tuma, Jan"]
[Result "0-1"]
[WhiteElo "2068"]
[BlackElo "2200"]
[PlyCount "82"]
[EventDate "2014.11.16"]
[EventType "swiss"]
[EventRounds "9"]
[EventCountry "CZE"]
[SourceTitle "CBM 163 Extra"]
[Source "ChessBase"]
[SourceDate "2014.12.23"]
[SourceVersion "1"]
[SourceVersionDate "2014.12.23"]
[SourceQuality "1"]

1. d4 b5 2. e4 Bb7 3. Bd3 c5 4. c3 cxd4 5. cxd4 Nf6 6. Qe2 Nc6 7. Nf3 a6 8. a3 Rc8 9. Nbd2 g6 10. d5 Nb8 11. Nb3 Bg7 12. Be3 d6 13. Qd2 Nbd7 14. Bh6 0-0 15. Bxg7 Kxg7 16. 0-0 Nc5 17. Nxc5 dxc5 18. Rae1 Qb6 19. Nh4 h6 20. Re3 Rfd8 21. Rh3 Ng8 22. Qe2 Rc7 23. Kh1 Bc8 24. Rg3 e6 25. dxe6 Bxe6 26. f4 Rcd7 27. f5 Rxd3 28. fxe6 Rxg3 29. Rxf7+ Kh8 30. hxg3 Qxe6 31. Qf3 g5 32. Qf5 Qxf5 33. Nxf5 Re8 34. Nd6 Re6 35. e5 Rxe5 36. Ra7 Re1+ 37. Kh2 Nf6 38. Nf7+ Kg7 39. Nxg5+ Kg6 40. Nf3 Ng4+ 41. Kh3 Nf2+ 0-1

[Event "CZE-ch U20 sf"]
[Site "Frydek Mistek"]
[Date "2014.11.20"]
[Round "6"]
[White "Szucs, Matyas"]
[Black "Vykouk, Jan"]
[Result "0-1"]
[WhiteElo "2068"]
[BlackElo "2149"]
[PlyCount "54"]
[EventDate "2014.11.16"]
[EventType "swiss"]
[EventRounds "9"]
[EventCountry "CZE"]
[SourceTitle "CBM 163 Extra"]
[Source "ChessBase"]
[SourceDate "2014.12.23"]
[SourceVersion "1"]
[SourceVersionDate "2014.12.23"]
[SourceQuality "1"]

1. d4 Nf6 2. Nf3 b5 3. Nbd2 Bb7 4. e3 a6 5. Bd3 e6 6. c3 c5 7. a4 b4 8. cxb4 cxd4 9. exd4 Bxb4 10. 0-0 0-0 11. Qe2 Nc6 12. Nc4 Na5 13. Bg5 Nxc4 14. Bxc4 Be7 15. Bd3 Nd5 16. Bd2 f5 17. Ne5 Bf6 18. Rac1 Re8 19. Rfd1 d6 20. Nc6 Qd7 21. Na5 Bxd4 22. Bg5 h6 23. Nxb7 Qxb7 24. Bc4 Bxb2 25. Rc2 Nc3 26. Qh5 Nxd1 27. Bxh6 d5 0-1

[Event "CZE-ch U20 sf"]
[Site "Frydek Mistek"]
[Date "2014.11.18"]
[Round "4"]
[White "Szucs, Matyas"]
[Black "Cap, Adam"]
[Result "1/2-1/2"]
[WhiteElo "2068"]
[BlackElo "2113"]
[PlyCount "35"]
[EventDate "2014.11.16"]
[EventType "swiss"]
[EventRounds "9"]
[EventCountry "CZE"]
[SourceTitle "CBM 163 Extra"]
[Source "ChessBase"]
[SourceDate "2014.12.23"]
[SourceVersion "1"]
[SourceVersionDate "2014.12.23"]
[SourceQuality "1"]

1. e4 e5 2. Nf3 Nc6 3. Bc4 Nf6 4. d3 Be7 5. c3 0-0 6. Nbd2 d6 7. 0-0 Na5 8. Bb5 a6 9. Ba4 b5 10. Bc2 c5 11. Re1 Re8 12. Nf1 h6 13. Ng3 Bf8 14. h3 Nc6 15. d4 cxd4 16. cxd4 Bd7 17. Be3 Rc8 18. Rc1 1/2-1/2

[Event "Hradec Kralove op"]
[Site "Hradec Kralove"]
[Date "2014.10.22"]
[Round "6"]
[White "Szucs, Matyas"]
[Black "Jiruse, Josef"]
[Result "1-0"]
[WhiteElo "1948"]
[BlackElo "2014"]
[PlyCount "115"]
[EventDate "2014.10.18"]
[EventType "swiss"]
[EventRounds "9"]
[EventCountry "CZE"]
[SourceTitle "EXT 2015"]
[Source "ChessBase"]
[SourceDate "2014.11.20"]
[SourceVersion "1"]
[SourceVersionDate "2014.11.20"]
[SourceQuality "1"]

1. d4 Nf6 2. Nf3 d5 3. e3 Bg4 4. h3 Bxf3 5. Qxf3 e6 6. Nd2 c5 7. c3 Nc6 8. Qg3 Rc8 9. Bd3 Qd6 10. Qxd6 Bxd6 11. 0-0 cxd4 12. exd4 a6 13. Re1 0-0 14. Nf3 h6 15. Ne5 Rfd8 16. Bf4 Bf8 17. Re2 Nd7 18. Nxc6 Rxc6 19. Rae1 b5 20. a3 Nb6 21. g4 Be7 22. Bg3 Nc4 23. Kg2 a5 24. f4 b4 25. axb4 axb4 26. f5 Bf6 27. fxe6 Rxe6 28. Rxe6 fxe6 29. Bxc4 dxc4 30. Rxe6 b3 31. Re2 Kf7 32. Kf3 Rd5 33. Ke4 Ke6 34. Rf2 Ra5 35. Rd2 Bg5 36. d5+ Kd7 37. Bf4 Bxf4 38. Kxf4 Ra1 39. Ke5 Rc1 40. Kd4 Rc2 41. Rd1 Rxb2 42. Kxc4 Kd6 43. Kb4 Rh2 44. Kxb3 Rxh3 45. Rd4 h5 46. Kc4 h4 47. Re4 Rf3 48. Re6+ Kd7 49. Rg6 Rf7 50. Kc5 h3 51. Rg5 g6 52. Rxg6 Rh7 53. Ra6 Rh4 54. Ra7+ Ke8 55. Ra1 Rxg4 56. Rh1 Kf7 57. Ra1 Rg3 58. c4 1-0

[Event "Hradec Kralove op"]
[Site "Hradec Kralove"]
[Date "2014.10.18"]
[Round "1"]
[White "Kvapil, Pavel"]
[Black "Szucs, Matyas"]
[Result "0-1"]
[WhiteElo "1617"]
[BlackElo "1948"]
[PlyCount "59"]
[EventDate "2014.10.18"]
[EventType "swiss"]
[EventRounds "9"]
[EventCountry "CZE"]
[SourceTitle "EXT 2015"]
[Source "ChessBase"]
[SourceDate "2014.11.20"]
[SourceVersion "1"]
[SourceVersionDate "2014.11.20"]
[SourceQuality "1"]

1. e4 e6 2. d4 d5 3. exd5 exd5 4. Nf3 Bd6 5. Nc3 c6 6. Be2 Bf5 7. a3 Nd7 8. b4 Qc7 9. 0-0 Ngf6 10. Bd3 Bxd3 11. Qxd3 0-0 12. Bg5 h6 13. Be3 Rfe8 14. h3 Ne4 15. Nd2 f5 16. Ndxe4 fxe4 17. Qd2 Nb6 18. Qe2 Nc4 19. Qg4 Kh8 20. Ne2 Rf8 21. Ng3 Bxg3 22. Bxh6 Bh2+ 23. Kh1 gxh6 24. Qg6 Qd6 25. Qxd6 Bxd6 26. Rfe1 Rxf2 27. Kg1 Raf8 28. Rf1 Rxf1+ 29. Rxf1 Rxf1+ 30. Kxf1 0-1

[Event "EU Union-ch U15 12th"]
[Site "Mureck"]
[Date "2014.08.04"]
[Round "6"]
[White "Duong, Yisam"]
[Black "Szucs, Matyas"]
[Result "1/2-1/2"]
[WhiteElo "1732"]
[BlackElo "1992"]
[PlyCount "59"]
[EventDate "2014.07.30"]
[EventType "swiss"]
[EventRounds "9"]
[EventCountry "AUT"]
[SourceTitle "CBM 161 Extra"]
[Source "ChessBase"]
[SourceDate "2014.08.29"]
[SourceVersion "1"]
[SourceVersionDate "2014.08.29"]
[SourceQuality "1"]

1. e4 e6 2. d4 d5 3. Nc3 Nf6 4. Bg5 dxe4 5. Nxe4 Be7 6. Bxf6 gxf6 7. Qd3 b6 8. 0-0-0 Bb7 9. Nf3 Nd7 10. g3 f5 11. Nc3 c6 12. Bg2 Qc7 13. Rhe1 0-0-0 14. Qe3 Rdg8 15. Qe2 h5 16. d5 cxd5 17. Nd4 Bc5 18. Ncb5 Qb8 19. c4 a6 20. Nc3 Bxd4 21. Rxd4 e5 22. Rxd5 Bxd5 23. Nxd5 Re8 24. Bh3 Rh6 25. Qf3 Qd6 26. Qxf5 Qe6 27. Qxe6 fxe6 28. Nb4 h4 29. Bg2 hxg3 30. hxg3 1/2-1/2

[Event "EU Union-ch U15 12th"]
[Site "Mureck"]
[Date "2014.08.03"]
[Round "5"]
[White "Mundstein, Alina"]
[Black "Szucs, Matyas"]
[Result "0-1"]
[WhiteElo "1403"]
[BlackElo "1992"]
[PlyCount "124"]
[EventDate "2014.07.30"]
[EventType "swiss"]
[EventRounds "9"]
[EventCountry "AUT"]
[SourceTitle "CBM 161 Extra"]
[Source "ChessBase"]
[SourceDate "2014.08.29"]
[SourceVersion "1"]
[SourceVersionDate "2014.08.29"]
[SourceQuality "1"]

1. e4 e6 2. d4 d5 3. exd5 exd5 4. Bd3 Bd6 5. Nf3 Ne7 6. 0-0 Bg4 7. Nbd2 Nbc6 8. c3 Qd7 9. Qc2 f6 10. Re1 0-0-0 11. a3 Kb8 12. b4 Rde8 13. Bb2 Bf4 14. c4 dxc4 15. Qxc4 Nd5 16. Be4 Be6 17. Nb3 Qf7 18. Nc5 Nb6 19. Qc2 Bd5 20. Bxd5 Qxd5 21. Qd3 Bh6 22. Bc3 Rd8 23. b5 Qxc5 24. dxc5 Rxd3 25. cxb6 Rxc3 26. bxc7+ Kxc7 27. bxc6 Rxc6 28. Nd4 Rc4 29. Re7+ Kb8 30. Nf5 Rhc8 31. g3 R4c7 32. Re6 Bc1 33. a4 g6 34. Nd6 Rd8 35. Ne8 Rc2 36. Nxf6 Bb2 37. Rb1 Bxf6 38. Rxf6 Ra2 39. Rf7 b6 40. Rb4 h5 41. h4 Rc8 42. Rbf4 Rac2 43. Rf8 Rxf8 44. Rxf8+ Kb7 45. Rf6 Rc6 46. Rf7+ Ka6 47. Rf4 Ka5 48. g4 hxg4 49. Rxg4 a6 50. Kg2 b5 51. axb5 axb5 52. Kg3 b4 53. Rg5+ Ka4 54. h5 gxh5 55. Rxh5 b3 56. Rh1 b2 57. Rb1 Kb3 58. f4 Ka2 59. Rxb2+ Kxb2 60. Kg4 Kc3 61. Kg5 Kd4 62. f5 Ke5 0-1

[Event "EU Union-ch U15 12th"]
[Site "Mureck"]
[Date "2014.08.02"]
[Round "4"]
[White "Szucs, Matyas"]
[Black "Petrov, Vladimir Sergeev"]
[Result "0-1"]
[WhiteElo "1992"]
[BlackElo "2055"]
[PlyCount "44"]
[EventDate "2014.07.30"]
[EventType "swiss"]
[EventRounds "9"]
[EventCountry "AUT"]
[SourceTitle "CBM 161 Extra"]
[Source "ChessBase"]
[SourceDate "2014.08.29"]
[SourceVersion "1"]
[SourceVersionDate "2014.08.29"]
[SourceQuality "1"]

1. d4 Nf6 2. Nf3 e6 3. e3 b6 4. Bd3 Bb7 5. Nbd2 d5 6. Ne5 Be7 7. 0-0 0-0 8. f4 Ne4 9. c3 f6 10. Nef3 Nd7 11. g4 Qe8 12. Qe2 Bd6 13. Nh4 Kh8 14. Qg2 g5 15. fxg5 fxg5 16. Nhf3 Qg6 17. Bc2 Qh6 18. Nxe4 dxe4 19. Nd2 Qh4 20. b3 Rf3 21. Nxe4 Bxh2+ 22. Qxh2 Rxf1+ 0-1

[Event "CZE-chT2D 1314"]
[Site "Czech Republic"]
[Date "2013.11.17"]
[Round "2.8"]
[White "Szucs, Matyas"]
[Black "Beranek, Ondrej"]
[Result "1-0"]
[WhiteElo "1992"]
[BlackElo "1902"]
[PlyCount "109"]
[EventDate "2013.11.03"]
[EventType "team-tourn"]
[EventRounds "11"]
[EventCountry "CZE"]
[SourceTitle "EXT 2016"]
[Source "ChessBase"]
[SourceDate "2015.10.08"]
[SourceVersion "1"]
[SourceVersionDate "2015.10.08"]
[SourceQuality "1"]
[WhiteTeam "Lipa"]
[BlackTeam "Havlickuv Brod"]
[WhiteTeamCountry "CZE"]
[BlackTeamCountry "CZE"]

1. e4 e5 2. Nf3 Nc6 3. Bc4 Bc5 4. c3 Nf6 5. d3 h6 6. b4 Bd6 7. Nbd2 a6 8. a3 Be7 9. 0-0 d6 10. Re1 0-0 11. Nf1 Bg4 12. h3 Be6 13. Bb3 Bxb3 14. Qxb3 Nh7 15. Ng3 Ng5 16. Nxg5 Bxg5 17. Bb2 Ne7 18. d4 exd4 19. cxd4 Ng6 20. Rad1 c6 21. Nf5 d5 22. e5 Qd7 23. Qc2 Nf4 24. h4 Bd8 25. g3 Ne6 26. Kh2 h5 27. f4 g6 28. Ne3 f5 29. exf6 Rxf6 30. f5 Nf8 31. Rf1 Bc7 32. fxg6 Bxg3+ 33. Kxg3 Rxg6+ 34. Kh2 Qd6+ 35. Kh1 Qg3 36. Nf5 Qh3+ 37. Qh2 Qxh2+ 38. Kxh2 Re8 39. Rf2 Re4 40. Rg1 Kh7 41. Rxg6 Nxg6 42. Nd6 Rxh4+ 43. Kg3 Rg4+ 44. Kf3 b5 45. Ke3 Rg3+ 46. Ke2 Rb3 47. Bc1 h4 48. Rf3 Rxf3 49. Kxf3 Nf8 50. Kg4 Kg6 51. Kxh4 Ne6 52. Be3 Kf6 53. Kg4 Kg6 54. Nb7 Kf6 55. Nc5 1-0